| Поле | Инд. | ПП | Название | Значение |
|---|---|---|---|---|
| Тип записи | a | |||
| Библиографический уровень | m | |||
| 001 | _ | Контрольный номер | RU\infra-m\znanium\bibl\1093677 | |
| 005 | _ | Дата корректировки | 20250915104126.4 | |
| 008 | Кодируемые данные | 200326s2020 RU g rus u | ||
| 020 | a | ISBN | 978-5-394-03244-8 | |
| 040 | a | Служба первич. каталог. | Общество с ограниченной ответственностью «ЗНАНИУМ» | |
| 041 | a | Код языка текста | rus | |
| 044 | a | Код страны публикации | RU | |
| 080 | a | Индекс УДК | 334 | |
| 084 | 2 | Источник индекса | rubbk | |
| a | Индекс другой классификации/Индекс ББК | 65.29 | ||
| 084 | 2 | Источник индекса | okso | |
| a | Индекс другой классификации/Индекс ББК | 38.04.01 | ||
| 084 | 2 | Источник индекса | okso | |
| a | Индекс другой классификации/Индекс ББК | 38.03.01 | ||
| 084 | 2 | Источник индекса | okso | |
| a | Индекс другой классификации/Индекс ББК | 09.03.01 | ||
| 084 | 2 | Источник индекса | okso | |
| a | Индекс другой классификации/Индекс ББК | 09.03.02 | ||
| 084 | 2 | Источник индекса | okso | |
| a | Индекс другой классификации/Индекс ББК | 10.03.01 | ||
| 100 | 1_ | a | Автор | Балдин Константин Васильевич |
| q | Полное имя | Константин Васильевич | ||
| 245 | a | Заглавие | Информационные системы в экономике | |
| b | Продолж. заглавия | Учебник | ||
| c | Ответственность | Московский психолого-социальный университет | ||
| 250 | a | Основные сведения об издании | 8 | |
| 260 | a | Место издания | Москва | |
| b | Издательство | Издательско-торговая корпорация "Дашков и К" | ||
| c | Дата издания | 2019 | ||
| 300 | a | Объем | 394 с. | |
| 520 | a | Аннотация | Учебник содержит систематизированное изложение теоретических основ современных информационных технологий в области экономики. Материалы учебника подготовлены авторами на основе лекций, прочитанных ими в течение ряда лет студентам различных форм обучения по дисциплинам: "Проектирование информационных систем", "Базы данных", "Имитационное моделирование экономических систем", "Интеллектуальные информационные системы", "Информационные технологии" и "Информационная безопасность". В учебнике основное внимание уделено методологическим основам применения средств автоматизации профессиональной деятельности, теории и практике моделирования экономических информационных систем, а также основам построения и использования систем искусственного интеллекта. | |
| 521 | a | Примеч. о целев. назн. | ВО - Бакалавриат | |
| 650 | a | Основная рубрика | Информатика. Вычислительная техника | |
| x | Основная подрубрика | Информационные технологии в экономике и управлении | ||
| 700 | 1_ | a | Другие авторы | Уткин Владимир Борисович |
| q | Полное имя | Владимир Борисович | ||
| 852 | x | Примечание, не предназначенное для пользователя | znanium2022 | |
| 856 | 4_ | a | Имя сервера/домена | znanium.com |
| m | Помощь | ebs_support@infra-m.ru | ||
| n | Местонахождение сервера | НИЦ ИНФРА-М | ||
| u | URL | http://znanium.com/catalog/document?id=358567 | ||
| z | Примечание для пользователя | Участвует в КО | ||
| 856 | 41 | a | Имя сервера/домена | znanium.com |
| d | Путь | /cover/1093 | ||
| f | Электронное имя | 1093677.jpg | ||
| q | Тип электронного формата | image/jpeg | ||
| u | URL | https://znanium.com/cover/1093/1093677.jpg |